000 02251cam a2200385 a 4500
001 17461763
003 Nust- CAS-E
005 20180118181358.0
008 120913s2010 gw a b 001 0 eng c
010 _a 2012453303
015 _aGBB002535
_2bnb
016 7 _a015455796
_2Uk
020 _a9783527324071
020 _a3527324070
035 _a(OCoLC)ocn495599084
040 _aUKM
_cUKM
_dYDXCP
_dBTCTA
_dBWX
_dCDX
_dTXA
_dUPM
_dOHX
_dVRC
_dPMC
_dBDX
_dDLC
042 _apcc
_aukblcatcopy
050 0 0 _aTK2945.L58
_bH544 2010
082 _a621.31
_bHIG 2010
245 0 0 _aHigh energy density lithium batteries :
_bmaterials, engineering, applications /
_cedited by Katerina E. Aifantis, Stephen A. Hackney, and R. Vasant Kumar.
260 _aWeinheim :
_bWiley-VCH,
_cc2010.
300 _axvi, 265 p. :
_bill. (some col.) ;
_c25 cm.
504 _aIncludes bibliographical references and index.
505 0 _aIntroduction to electrochemical cells / R. Vasant Kumar and Thapanee Sarakonsri -- Primary batteries / Thapanee Sarakonsir and R. Vasant Kumar -- A review of materials and chemistry for secondary batteries / R. Vasant Kumar and Thapanee Sarakonsri -- Current and potential applications of secondary Li batteries / Katerina E. Aifantis and Stephen A. Hackney -- Li-ion cathodes : materials engineering through chemistry / Stephen A. Hackney -- Next-generation anodes for secondary Li-ion batteries / Katerina E. Aifantis -- Next-generation electrolytes for Li batteries / Soo-Jin Park, Min-Kang Seo, and Seok Kim -- Mechanics of materials for Li-battery systems / Katerina E. Aifantis ... [et al.].
650 0 _aLithium cells.
700 1 _aAifantis, Katerina E.
700 1 _aHackney, Stephen Andrew.
700 1 _aKumar, R. Vasant.
856 4 2 _3Contributor biographical information
_uhttp://www.loc.gov/catdir/enhancements/fy1215/2012453303-b.html
856 4 2 _3Publisher description
_uhttp://www.loc.gov/catdir/enhancements/fy1215/2012453303-d.html
856 4 1 _3Table of contents only
_uhttp://www.loc.gov/catdir/enhancements/fy1215/2012453303-t.html
906 _a7
_bcbc
_cpccadap
_d2
_encip
_f20
_gy-gencatlg
942 _2ddc
_cBK
999 _c355329
_d355329